000
00219 a2200097 4500
001
31951
100
_a
Weiss Neil A
245
_a
Introductory Statistics
260
_a
N.Y
_b
Addison Wesley
_c
1995
090
_c
21475
_d
21475
942
_a
NUST-CAE
_c
M
_c
12753
999
_c
267024
_d
267024